[Event "1st Turkish League 2017"]
[Site "Konya"]
[Date "2017.07.17"]
[Round "1"]
[White "Degirmenci, Yagiz"]
[Black "Gunduz, Umut Erdem"]
[Result "0-1"]
[WhiteElo "1917"]
[BlackElo "2066"]
[Annotator "NA"]
[PlyCount "68"]
[EventType "team-tourn"]
[EventCountry "TUR"]
[SourceTitle "playchess.com"]
[Source "ChessBase"]
[SourceQuality "1"]
[TimeControl "5400+30"]

1. d4 {[%emt 0:00:30]} Nf6 {[%emt 0:01:00]} 2. c4 {[%emt 0:00:30]} c5 {[%emt 0:00:30]} 3. d5 {[%emt 0:00:00]} e6 {[%emt 0:00:00]} 4. Nc3 {[%emt 0:00:00]} exd5 {[%emt 0:00:00]} 5. cxd5 {[%emt 0:00:30]} d6 {[%emt 0:00:00]} 6. e4 {[%emt 0:00:30]} g6 {[%emt 0:00:00]} 7. f4 {[%emt 0:04:30]} Bg7 {[%emt 0:00:00]} 8. Nf3 {[%emt 0:00:30]} O-O {[%emt 0:00:00]} 9. Bd3 {[%emt 0:01:30]} b5 {[%emt 0:01:30]} 10. O-O {[%emt 0:26:30]} c4 {[%emt 0:02:30]} 11. Bc2 {[%emt 0:01:30]} b4 {[%emt 0:01:30]} 12. Ne2 {[%emt 0:00:00]} Re8 {[%emt 0:02:30]} 13. Kh1 {[%emt 0:14:00]} Nxe4 {[%emt 0:01:30]} 14. Bxe4 {[%emt 0:01:30]} Rxe4 {[%emt 0:00:30]} 15. Ng3 {[%emt 0:00:00]} Re8 {[%emt 0:01:30]} 16. f5 {[%emt 0:02:00]} Nd7 {[%emt 0:03:30]} 17. fxg6 {[%emt 0:10:30]} fxg6 {[%emt 0:03:30]} 18. Bg5 {[%emt 0:10:30]} Qb6 {[%emt 0:00:00]} 19. Re1 {[%emt 0:00:00]} Ne5 {[%emt 0:09:00]} 20. Nxe5 {[%emt 0:00:00]} Bxe5 {[%emt 0:01:30]} 21. Ne4 {[%emt 0:01:30]} Rf8 {[%emt 0:00:30]} 22. Qe2 {[%emt 0:08:53]} Ba6 {[%emt 0:13:30]} 23. Qg4 {[%emt 0:00:24]} Rf5 {[%emt 0:08:30]} 24. Rf1 {[%emt 0:08:27]} Raf8 {[%emt 0:01:30]} 25. Bf6 {[%emt 0:05:13]} R5xf6 {[%emt 0:00:30]} 26. Nxf6+ {[%emt 0:02:32]} Bxf6 {[%emt 0:00:30]} 27. Qe6+ {[%emt 0:00:56]} Kg7 {[%emt 0:00:00]} 28. Qd7+ {[%emt 0:00:01]} Rf7 {[%emt 0:00:00]} 29. Qe6 {[%emt 0:01:12]} c3 {[%emt 0:00:30]} 30. Rf3 {[%emt 0:00:37]} cxb2 {[%emt 0:00:00]} 31. Re1 {[%emt 0:00:00]} Qd4 {[%emt 0:01:00]} 32. Qxd6 {[%emt 0:00:27]} Qe4 {[%emt 0:00:30]} 33. Rg1 {[%emt 0:01:08]} b1=Q {[%emt 0:00:30]} 34. Rxf6 {[%emt 0:00:30]} Qxg1+ {[%emt 0:00:00]} 0-1

[Event "1st Turkish League 2017"]
[Site "Konya"]
[Date "2017.07.17"]
[Round "1"]
[White "Tinarlioglu, Emre"]
[Black "Kilic, Efe Mert"]
[Result "0-1"]
[WhiteElo "1856"]
[BlackElo "2287"]
[Annotator "NA"]
[PlyCount "85"]
[EventType "team-tourn"]
[EventCountry "TUR"]
[SourceTitle "playchess.com"]
[Source "ChessBase"]
[SourceQuality "1"]
[TimeControl "5400+30"]

1. e4 {[%emt 0:00:30]} c6 {[%emt 0:01:00]} 2. d4 {[%emt 0:00:30]} d5 {[%emt 0:00:30]} 3. exd5 {[%emt 0:00:30]} cxd5 {[%emt 0:00:30]} 4. c4 {[%emt 0:00:00]} Nf6 {[%emt 0:00:00]} 5. Nc3 {[%emt 0:00:00]} Nc6 {[%emt 0:00:00]} 6. Bg5 {[%emt 0:00:00]} Be6 {[%emt 0:00:00]} 7. Be2 {[%emt 0:00:00]} Qa5 {[%emt 0:02:00]} 8. Nf3 {[%emt 0:00:00]} Rd8 {[%emt 0:01:30]} 9. O-O {[%emt 0:01:00]} dxc4 {[%emt 0:09:30]} 10. Re1 {[%emt 0:00:00]} Bg4 {[%emt 0:09:30]} 11. Bxf6 {[%emt 0:08:00]} gxf6 {[%emt 0:00:30]} 12. Bxc4 {[%emt 0:03:30]} Qb4 {[%emt 0:13:30]} 13. Nd5 {[%emt 0:16:30]} Qd6 {[%emt 0:00:30]} 14. Qb3 {[%emt 0:12:30]} Rd7 {[%emt 0:01:30]} 15. Qc3 {[%emt 0:27:30]} Rg8 {[%emt 0:13:30]} 16. Nd2 {[%emt 0:05:30]} f5 {[%emt 0:08:30]} 17. b4 {[%emt 0:12:32]} Bg7 {[%emt 0:01:30]} 18. Nb3 {[%emt 0:00:24]} e6 {[%emt 0:01:30]} 19. h3 {[%emt 0:04:13]} Bh5 {[%emt 0:04:30]} 20. b5 {[%emt 0:00:52]} Ne7 {[%emt 0:00:30]} 21. Nxe7 {[%emt 0:01:10]} Kxe7 {[%emt 0:02:30]} 22. Bd3 {[%emt 0:03:41]} Bxd4 {[%emt 0:05:30]} 23. Nxd4 {[%emt 0:00:40]} Qxd4 {[%emt 0:00:30]} 24. Qxd4 {[%emt 0:00:30]} Rxd4 {[%emt 0:00:30]} 25. Bxf5 {[%emt 0:00:30]} Bf3 {[%emt 0:00:30]} 26. g3 {[%emt 0:00:30]} Rg5 {[%emt 0:00:30]} 27. Bc2 {[%emt 0:00:30]} Rh4 {[%emt 0:00:30]} 28. Bf5 {[%emt 0:01:26]} Rhh5 {[%emt 0:11:41]} 29. Be4 {[%emt 0:00:36]} Bxe4 {[%emt 0:00:12]} 30. Rxe4 {[%emt 0:00:02]} Rxh3 {[%emt 0:00:19]} 31. Kg2 {[%emt 0:00:49]} Rgh5 {[%emt 0:00:09]} 32. a4 {[%emt 0:00:55]} Rh2+ {[%emt 0:00:33]} 33. Kf3 {[%emt 0:00:05]} Rf5+ {[%emt 0:00:33]} 34. Rf4 {[%emt 0:00:30]} Rxf4+ {[%emt 0:00:00]} 35. gxf4 {[%emt 0:00:00]} Rh3+ {[%emt 0:00:25]} 36. Kg2 {[%emt 0:00:00]} Rc3 {[%emt 0:00:05]} 37. Rh1 {[%emt 0:00:26]} Rc4 {[%emt 0:00:57]} 38. Kg3 {[%emt 0:02:03]} Rxa4 {[%emt 0:00:30]} 39. Rxh7 {[%emt 0:00:00]} Ra5 {[%emt 0:00:26]} 40. Rh5 {[%emt 0:00:58]} a6 {[%emt 0:00:22]} 41. Kf3 {[%emt 0:00:15]} Rxb5 {[%emt 0:00:00]} 42. Ke4 {[%emt 0:00:00]} Kf6 {[%emt 0:00:00]} 43. Kd4 {[%emt 0:00:01]} 0-1

[Event "1st Turkish League 2017"]
[Site "Konya"]
[Date "2017.07.17"]
[Round "1"]
[White "Saim, Sida"]
[Black "Aslan, Lina"]
[Result "1/2-1/2"]
[WhiteElo "1634"]
[BlackElo "1481"]
[Annotator "NA"]
[PlyCount "195"]
[EventType "team-tourn"]
[EventCountry "TUR"]
[SourceTitle "playchess.com"]
[Source "ChessBase"]
[SourceQuality "1"]
[TimeControl "5400+30"]

1. d4 {[%emt 0:00:30]} d5 {[%emt 0:01:00]} 2. Nf3 {[%emt 0:00:30]} Nf6 {[%emt 0:00:00]} 3. c4 {[%emt 0:00:00]} c6 {[%emt 0:00:00]} 4. e3 {[%emt 0:00:00]} e6 {[%emt 0:00:30]} 5. Nc3 {[%emt 0:00:30]} Nbd7 {[%emt 0:00:30]} 6. Bd3 {[%emt 0:01:30]} Bd6 {[%emt 0:00:30]} 7. e4 {[%emt 0:02:30]} dxe4 {[%emt 0:15:30]} 8. Bxe4 {[%emt 0:01:30]} O-O {[%emt 0:01:30]} 9. O-O {[%emt 0:02:30]} e5 {[%emt 0:07:30]} 10. Bg5 {[%emt 0:18:30]} h6 {[%emt 0:12:30]} 11. Bh4 {[%emt 0:03:30]} exd4 {[%emt 0:07:30]} 12. Qxd4 {[%emt 0:04:30]} Qc7 {[%emt 0:05:30]} 13. Bg3 {[%emt 0:08:30]} Bxg3 {[%emt 0:03:30]} 14. hxg3 {[%emt 0:00:30]} Re8 {[%emt 0:02:30]} 15. Rae1 {[%emt 0:08:30]} Nf8 {[%emt 0:06:30]} 16. Bb1 {[%emt 0:06:30]} Be6 {[%emt 0:12:30]} 17. b3 {[%emt 0:03:30]} N8d7 {[%emt 0:05:03]} 18. Re2 {[%emt 0:05:30]} b6 {[%emt 0:06:13]} 19. Rfe1 {[%emt 0:10:53]} Rad8 {[%emt 0:04:45]} 20. Ne4 {[%emt 0:03:14]} Nxe4 {[%emt 0:02:18]} 21. Qxe4 {[%emt 0:00:18]} Nf6 {[%emt 0:00:00]} 22. Qc2 {[%emt 0:00:18]} Rd6 {[%emt 0:01:11]} 23. c5 {[%emt 0:03:42]} Rd5 {[%emt 0:01:01]} 24. cxb6 {[%emt 0:01:47]} axb6 {[%emt 0:00:10]} 25. Nd2 {[%emt 0:04:29]} Red8 {[%emt 0:01:19]} 26. Ne4 {[%emt 0:02:04]} Nxe4 {[%emt 0:01:36]} 27. Qxe4 {[%emt 0:00:04]} g6 {[%emt 0:00:33]} 28. Qe3 {[%emt 0:00:14]} Kh7 {[%emt 0:00:42]} 29. Bc2 {[%emt 0:02:05]} c5 {[%emt 0:00:54]} 30. Qf3 {[%emt 0:01:40]} R5d6 {[%emt 0:00:54]} 31. Qf4 {[%emt 0:00:43]} Qd7 {[%emt 0:00:31]} 32. f3 {[%emt 0:01:32]} Rd2 {[%emt 0:00:55]} 33. Kh2 {[%emt 0:00:57]} Rxe2 {[%emt 0:00:30]} 34. Rxe2 {[%emt 0:00:00]} Qd4 {[%emt 0:00:18]} 35. Re4 {[%emt 0:00:42]} Qd2 {[%emt 0:00:32]} 36. Qf6 {[%emt 0:00:35]} Qd7 {[%emt 0:00:36]} 37. Re5 {[%emt 0:01:41]} Re8 {[%emt 0:00:26]} 38. Rh5 {[%emt 0:01:19]} Qe7 {[%emt 0:00:48]} 39. Qf4 {[%emt 0:00:23]} Qf8 {[%emt 0:00:00]} 40. Qc7 {[%emt 0:01:03]} Kg7 {[%emt 0:00:14]} 41. Re5 {[%emt 0:00:05]} Qe7 {[%emt 0:01:48]} 42. Qxb6 {[%emt 0:00:21]} Rc8 {[%emt 0:00:00]} 43. Qb5 {[%emt 0:01:14]} Qc7 {[%emt 0:00:28]} 44. Re3 {[%emt 0:00:32]} Qa7 {[%emt 0:00:32]} 45. a4 {[%emt 0:00:52]} c4 {[%emt 0:00:34]} 46. Qe5+ {[%emt 0:00:40]} Kg8 {[%emt 0:00:10]} 47. Bxg6 {[%emt 0:00:08]} cxb3 {[%emt 0:00:39]} 48. Bb1 {[%emt 0:00:44]} Qxa4 {[%emt 0:00:30]} 49. Re4 {[%emt 0:00:25]} Qd7 {[%emt 0:00:36]} 50. Rd4 {[%emt 0:00:22]} Qc6 {[%emt 0:00:22]} 51. Qe3 {[%emt 0:00:35]} Qc1 {[%emt 0:00:34]} 52. Rd8+ {[%emt 0:00:12]} Kg7 {[%emt 0:00:25]} 53. Qd4+ {[%emt 0:01:06]} f6 {[%emt 0:00:00]} 54. Be4 {[%emt 0:00:31]} b2 {[%emt 0:00:10]} 55. Rd6 {[%emt 0:00:12]} b1=Q {[%emt 0:01:51]} 56. Bxb1 {[%emt 0:00:30]} Qxb1 {[%emt 0:00:00]} 57. Rxe6 {[%emt 0:00:00]} Rf8 {[%emt 0:00:05]} 58. Re4 {[%emt 0:00:39]} Qb7 {[%emt 0:00:23]} 59. Qd6 {[%emt 0:00:00]} Rf7 {[%emt 0:00:42]} 60. Rg4+ {[%emt 0:01:11]} Kh7 {[%emt 0:00:32]} 61. Qd8 {[%emt 0:00:28]} Rg7 {[%emt 0:00:28]} 62. Rf4 {[%emt 0:00:37]} Qf7 {[%emt 0:00:51]} 63. Qxf6 {[%emt 0:00:16]} Qh5+ {[%emt 0:00:23]} 64. Qh4 {[%emt 0:00:17]} Qe5 {[%emt 0:00:51]} 65. Re4 {[%emt 0:00:21]} Qf5 {[%emt 0:00:31]} 66. Re7 {[%emt 0:00:55]} Qg6 {[%emt 0:00:31]} 67. Rxg7+ {[%emt 0:00:28]} Qxg7 {[%emt 0:00:05]} 68. Qe4+ {[%emt 0:00:29]} Kg8 {[%emt 0:00:35]} 69. Qe6+ {[%emt 0:00:21]} Kh7 {[%emt 0:00:00]} 70. Kh3 {[%emt 0:00:37]} Qg5 {[%emt 0:00:26]} 71. Qe4+ {[%emt 0:00:28]} Kh8 {[%emt 0:00:41]} 72. Qg4 {[%emt 0:00:13]} Qf6 {[%emt 0:00:00]} 73. Qc8+ {[%emt 0:00:55]} Kh7 {[%emt 0:00:10]} 74. f4 {[%emt 0:00:19]} Qf7 {[%emt 0:00:51]} 75. Qg4 {[%emt 0:00:42]} Qf6 {[%emt 0:01:13]} 76. Qd7+ {[%emt 0:00:43]} Kh8 {[%emt 0:00:34]} 77. Qc8+ {[%emt 0:00:30]} Kh7 {[%emt 0:00:13]} 78. Qc7+ {[%emt 0:00:00]} Kg8 {[%emt 0:00:30]} 79. g4 {[%emt 0:00:07]} Qe6 {[%emt 0:00:42]} 80. Qe5 {[%emt 0:00:31]} Qd7 {[%emt 0:00:55]} 81. g3 {[%emt 0:01:20]} Qd1 {[%emt 0:00:36]} 82. Qe8+ {[%emt 0:00:50]} Kg7 {[%emt 0:00:19]} 83. Qe7+ {[%emt 0:00:18]} Kg8 {[%emt 0:00:23]} 84. Qe6+ {[%emt 0:00:00]} Kg7 {[%emt 0:00:44]} 85. Qe5+ {[%emt 0:00:04]} Kg8 {[%emt 0:00:14]} 86. Qb8+ {[%emt 0:00:07]} Kg7 {[%emt 0:00:32]} 87. Qb7+ {[%emt 0:00:30]} Kg8 {[%emt 0:00:00]} 88. Qg2 {[%emt 0:00:09]} h5 {[%emt 0:01:07]} 89. Qa8+ {[%emt 0:00:35]} Kg7 {[%emt 0:00:09]} 90. Qb7+ {[%emt 0:00:04]} Kg8 {[%emt 0:00:09]} 91. Qc8+ {[%emt 0:00:34]} Kg7 {[%emt 0:00:15]} 92. Kh4 {[%emt 0:01:13]} Qh1+ {[%emt 0:00:30]} 93. Kg5 {[%emt 0:00:30]} Qd5+ {[%emt 0:00:30]} 94. Kh4 {[%emt 0:00:30]} Qh1+ {[%emt 0:00:30]} 95. Kg5 {[%emt 0:00:30]} Qd5+ {[%emt 0:00:30]} 96. Kh4 {[%emt 0:00:30]} Qh1+ {[%emt 0:00:30]} 97. Kg5 {[%emt 0:00:30]} Qd5+ {[%emt 0:00:30]} 98. f5 {[%emt 0:00:17]} 1/2-1/2

[Event "1st Turkish League 2017"]
[Site "Konya"]
[Date "2017.07.17"]
[Round "1"]
[White "Aydin, Gulenay"]
[Black "Sahin, Hayrun Nisa"]
[Result "1/2-1/2"]
[WhiteElo "1591"]
[BlackElo "1576"]
[Annotator "NA"]
[PlyCount "83"]
[EventType "team-tourn"]
[EventCountry "TUR"]
[SourceTitle "playchess.com"]
[Source "ChessBase"]
[SourceQuality "1"]
[TimeControl "5400+30"]

1. e4 c5 2. Nf3 g6 {[%emt 0:00:30]} 3. d4 {[%emt 0:00:30]} cxd4 {[%emt 0:00:30]} 4. Qxd4 {[%emt 0:00:30]} Nf6 {[%emt 0:00:00]} 5. e5 {[%emt 0:00:30]} Nc6 {[%emt 0:00:00]} 6. Qa4 {[%emt 0:00:00]} Nd5 {[%emt 0:00:30]} 7. Qe4 {[%emt 0:00:00]} Ndb4 {[%emt 0:00:30]} 8. Bb5 {[%emt 0:00:30]} Qa5 {[%emt 0:01:30]} 9. Nc3 {[%emt 0:00:30]} Bg7 {[%emt 0:01:30]} 10. O-O {[%emt 0:10:30]} O-O {[%emt 0:01:30]} 11. Bf4 {[%emt 0:13:30]} d5 {[%emt 0:15:30]} 12. exd6 {[%emt 0:07:30]} Bf5 {[%emt 0:00:30]} 13. Qc4 {[%emt 0:11:30]} Nxc2 {[%emt 0:11:30]} 14. Bxc6 {[%emt 0:14:30]} bxc6 {[%emt 0:02:30]} 15. dxe7 {[%emt 0:02:30]} Rfe8 {[%emt 0:02:30]} 16. Rad1 {[%emt 0:05:30]} Rxe7 {[%emt 0:11:30]} 17. a3 {[%emt 0:07:30]} Nxa3 {[%emt 0:09:30]} 18. Qxc6 {[%emt 0:08:50]} Rc8 {[%emt 0:02:30]} 19. Qd6 {[%emt 0:00:42]} Rd7 {[%emt 0:06:30]} 20. Qxa3 {[%emt 0:01:06]} Qxa3 {[%emt 0:00:30]} 21. bxa3 {[%emt 0:00:06]} Bxc3 {[%emt 0:02:30]} 22. Rxd7 {[%emt 0:02:46]} Bxd7 {[%emt 0:00:30]} 23. Rd1 {[%emt 0:00:43]} Bf5 {[%emt 0:02:30]} 24. Rc1 {[%emt 0:01:12]} Bb2 {[%emt 0:07:35]} 25. Rxc8+ {[%emt 0:00:37]} Bxc8 {[%emt 0:00:25]} 26. Bd6 {[%emt 0:01:10]} Bb7 {[%emt 0:00:30]} 27. Ne5 {[%emt 0:01:47]} Bxe5 {[%emt 0:01:51]} 28. Bxe5 {[%emt 0:00:30]} f5 {[%emt 0:00:30]} 29. f4 {[%emt 0:00:30]} Kf7 {[%emt 0:00:30]} 30. Kf2 {[%emt 0:00:30]} Ke6 {[%emt 0:00:30]} 31. g3 {[%emt 0:00:30]} Kd5 {[%emt 0:00:30]} 32. Ke3 {[%emt 0:00:30]} Bc6 {[%emt 0:00:30]} 33. Bd4 {[%emt 0:00:30]} a6 {[%emt 0:00:30]} 34. Be5 {[%emt 0:00:30]} Kc4 {[%emt 0:00:30]} 35. Bg7 {[%emt 0:00:30]} Bd5 {[%emt 0:00:30]} 36. Bf6 {[%emt 0:00:30]} Ba8 {[%emt 0:00:30]} 37. Bg7 {[%emt 0:00:30]} Bg2 {[%emt 0:00:30]} 38. Bf6 {[%emt 0:00:30]} Bc6 {[%emt 0:00:30]} 39. Bg7 {[%emt 0:00:30]} Bb7 {[%emt 0:00:30]} 40. Bf6 {[%emt 0:00:30]} Kd5 {[%emt 0:00:30]} 41. Be5 {[%emt 0:00:30]} Bc6 {[%emt 0:00:30]} 42. Bf6 {[%emt 0:00:30]} 1/2-1/2

[Event "1st Turkish League 2017"]
[Site "Konya"]
[Date "2017.07.20"]
[Round "2"]
[White "Demchenko, Anton"]
[Black "Sumets, Andrey"]
[Result "0-1"]
[WhiteElo "2645"]
[BlackElo "2569"]
[Annotator "TA"]
[PlyCount "114"]
[EventType "team-tourn"]
[EventCountry "TUR"]
[SourceTitle "playchess.com"]
[Source "ChessBase"]
[SourceQuality "1"]

{[%evp 12,114,30,29,29,30,29,34,45,37,35,41,39,31,25,29,41,27,31,0,35,16,31,27,34,12,17,46,33,29,25,20,35,31,32,25,35,32,54,52,87,83,91,89,85,64,100,104,97,87,95,89,120,129,187,142,156,157,166,156,156,142,135,17,17,0,0,0,0,7,8,0,0,0,0,0,0,0,0,0,0,0,0,0,0,-72,0,-108,-69,-525,-506,-1104,-1127,-1123,-1076,-1659,-760,-29986,-29987,-29987,-29988,-29990,-29991,-29991,-29992]} 1. e4 e6 2. d4 d5 3. Nd2 dxe4 4. Nxe4 Nd7 5. Nf3 Ngf6 6. Nxf6+ Nxf6 7. Be3 Bd6 {C10: French with 3 Nc3: Unusual Black 3rd moves and 3...dxe4} 8. Bd3 O-O 9. Qe2 b6 {White is slightly better.} 10. O-O-O Bb7 11. Kb1 c5 12. dxc5 $146 ({Predecessor:} 12. Bg5 h6 13. h4 cxd4 14. Nxd4 Be7 15. Bxf6 Bxf6 16. Nxe6 fxe6 17. Qxe6+ {1-0 (24) Kulaots,K (2564)-Meier,G (2648) Sweden 2017}) 12... bxc5 13. Bg5 {[%cal Be3g5,Bg5h4,Bh4g3][%mdl 32]} h6 14. Bh4 Rb8 {[%cal Ba8b8,Bb8b7,Bb7d7][%mdl 32]} 15. Nd2 {[%cal Bf3d2,Bd2c4,Bc4d6][%mdl 32]} Bd5 16. Nc4 Be7 17. Bg3 Rb7 18. c3 {[%cal Bc2c3,Bc3c4][%mdl 32]} Qa8 19. f3 a5 20. Nd6 Rd7 21. Nb5 Rfd8 22. c4 Bc6 23. Bc7 $36 {[%mdl 2048] White has good play.} Rc8 {...Bxb5 is the strong threat.} 24. Be5 Rcd8 25. a4 Ne8 26. Bc2 Bf6 27. Bxf6 Nxf6 28. Qe5 Rc8 29. Rxd7 Nxd7 30. Qc3 Nf6 31. Re1 Be8 32. h4 h5 (32... Rd8 $16) 33. Re5 Qb8 34. g4 hxg4 35. fxg4 Nd7 {[%cal Bf6d7,Bd7b8,Bb8a6,Ba6b4,Bb4c2][%mdl 32]} 36. Re1 $1 Qf4 37. Re4 (37. Qxa5 $16 Ne5 38. Qa6) 37... Qf1+ $1 $11 38. Ka2 Nb8 39. Na7 Na6 40. Re1 Qf2 $1 41. Nxc8 Nb4+ 42. Kb3 Nxc2 43. Rd1 {And now Rd8 would win.} Nd4+ 44. Ka3 Qxh4 {Strongly threatening ...Qd8.} 45. Nd6 Qxg4 46. Rd3 Qg1 {[%cal Rg1a1]} 47. b3 Bc6 48. Rd2 {[#]} (48. Nb5 $1 $11 {keeps the balance.}) 48... e5 (48... Nf3 $1 $17 {[%cal Rf3d2]} 49. Ra2 Qd1) 49. Kb2 {[#]} (49. Nb5 $1 $11) 49... Nf3 $1 $17 {[%cal Rf3d2]} 50. Re2 $2 {[%mdl 8192]} (50. Qxa5 $15 Nxd2 51. Qxd2) 50... Qd1 $1 $19 {[%csl LRd6,LRe2]} 51. Rc2 (51. Rxe5 $142 Qxd6 52. Rh5) 51... Qxd6 52. Qxa5 e4 {[%cal Be5e4,Be4e3,Be3e2][%mdl 32]} 53. Qa6 g6 (53... Qc7 $142 54. a5 Nd4) 54. a5 e3 {Black mates.} 55. Qc8+ Kg7 56. Qh3 Qe5+ 57. Ka2 e2 {Precision: White = 63%, Black = 70%.} 0-1

[Event "1st Turkish League 2017"]
[Site "Konya"]
[Date "2017.07.20"]
[Round "2"]
[White "Lupulescu, Constantin"]
[Black "Aghamaliyev, Cemil"]
[Result "1/2-1/2"]
[WhiteElo "2634"]
[BlackElo "2493"]
[Annotator "TA"]
[PlyCount "60"]
[EventType "team-tourn"]
[EventCountry "TUR"]
[SourceTitle "playchess.com"]
[Source "ChessBase"]
[SourceQuality "1"]

{[%evp 21,60,32,37,9,10,-3,39,11,0,13,17,9,32,0,19,10,14,12,30,25,23,11,20,9,22,0,0,-39,-25,-70,-68,-67,-68,-76,-79,-71,-44,-50,-34,-54,-34]} 1. d4 Nf6 2. c4 e6 3. Nf3 d5 4. Nc3 Be7 5. Bf4 O-O 6. e3 c5 7. dxc5 Nc6 8. cxd5 exd5 9. Be2 Bxc5 10. O-O Be6 11. Rc1 Rc8 12. Nb5 {D37: Queen's Gambit Declined: 5 Bf4} (12. Ne5 Bd6 13. Nxc6 bxc6 14. Qa4 c5 15. Bg3 Qb6 16. b3 Bxg3 17. hxg3 a5 18. Qb5 Qxb5 19. Bxb5 Rb8 {0-1 (72) Khismatullin,D (2660)-Zvjaginsev,V (2680) Magnitogorsk 2011}) 12... Ne4 13. Nfd4 g5 $146 ({Predecessor:} 13... Qb6 14. Bf3 Nxd4 15. Nxd4 Bxd4 16. Qxd4 Qxd4 17. exd4 f6 18. Rxc8 Rxc8 19. Rc1 Rxc1+ 20. Bxc1 {½-½ (30) Rezan,S (2424)-Savanovic,A (2413) Neum 2005}) 14. Bg3 {White is slightly better.} (14. Rxc5 $5 Nxc5 15. Bd6 $11) 14... Nxd4 15. Nxd4 Qf6 16. Nxe6 fxe6 17. Bg4 Bb6 (17... h5 $5 18. Bxh5 Nxg3 19. hxg3 Qxb2 $11) 18. Qe2 Nxg3 19. hxg3 Qe5 20. Rxc8 Rxc8 21. b3 Kg7 22. Qb5 Rc6 23. a4 {Black should prevent a5.} (23. Qb4 $5 {[%cal Rb4e7]}) 23... Qc3 24. Bd1 (24. Rb1 {is more complex.} a6 25. Qe2 Ba5 26. Qd1 Qb4 27. Bh5) 24... Qd2 25. Qe2 Qxe2 26. Bxe2 Rc2 27. Bg4 Kf6 28. Rd1 Bc5 29. Rd3 h6 30. Kf1 a5 {Precision: White = 31%, Black = 35%.} 1/2-1/2

[Event "1st Turkish League 2017"]
[Site "Konya"]
[Date "2017.07.20"]
[Round "2"]
[White "Wieczorek, Oskar"]
[Black "Khamrakulov, Djurabek"]
[Result "1/2-1/2"]
[WhiteElo "2453"]
[BlackElo "2477"]
[Annotator "TA"]
[PlyCount "119"]
[EventType "team-tourn"]
[EventCountry "TUR"]
[SourceTitle "playchess.com"]
[Source "ChessBase"]
[SourceQuality "1"]

{[%evp 16,119,38,36,91,29,38,28,37,0,7,0,0,0,0,0,17,23,127,118,99,107,85,0,0,0,0,0,0,0,0,0,0,0,0,0,0,0,0,0,0,0,0,0,0,0,0,0,11,8,11,16,15,12,12,14,17,0,0,0,25,28,72,12,32,39,75,0,0,0,0,0,0,0,0,0,0,0,0,0,0,0,0,0,0,0,0,0,0,0,0,0,0,0,0,0,0,0,0,0,0,0,0,0,0,0]} 1. e4 c6 2. d4 d5 3. e5 Bf5 4. Nf3 e6 5. Be2 Bb4+ {[%cal Bf8b4,Bb4a5,Ba5c7][%mdl 32]} (5... Nd7 6. O-O Bg6 7. a4 a5 8. Nbd2 Nh6 9. Nb3 Nf5 10. g4 Ne7 11. Ne1 h5 12. gxh5 Bh7 13. Ng2 Nf5 14. Bg4 c5 {1-0 (43) Anand,V (2786)-Jobava,B (2707) Leuven 2017}) 6. c3 {B12: Caro-Kann: Advance Variation} Ba5 7. O-O Nd7 8. Nbd2 Bc7 9. Re1 {LiveBook: 10 Games} Ne7 {[#]} (9... h6 $14) 10. Nf1 ({White should try} 10. Nh4 $1 $16) 10... O-O $11 11. Nh4 $146 ({Predecessor:} 11. Ng3 Bg6 12. Nh4 c5 13. Nxg6 hxg6 {½-½ (48) Soot,M (2174)-Elmaste,G (2222) Tallinn 2006}) 11... f6 12. Nxf5 Nxf5 13. f4 fxe5 14. fxe5 c5 15. Ne3 {[#] Threatens to win with Nxf5.} cxd4 16. cxd4 Qe7 (16... Nh6 $11) 17. Nxf5 $16 Rxf5 18. Bd3 Rf7 19. Bxh7+ (19. Qc2 $16 Qh4 20. Be3) 19... Kxh7 $11 20. Qc2+ $1 Kg8 {...Ba5 is the strong threat.} 21. Qxc7 Qh4 {[%cal Rh4e1]} 22. Be3 Nf6 {[%cal Bd7f6,Bf6e4,Be4f2][%mdl 32]} 23. Qc3 Ne4 24. Qd3 Raf8 25. Rf1 Nf2 $1 {[%cal Rf2d3]} 26. Qd2 Ng4 $1 {[%csl Gg4][%cal Rh4h2]} 27. h3 {And now Rxf7 would win.} Rxf1+ $1 28. Rxf1 Rxf1+ 29. Kxf1 Nxe3+ 30. Qxe3 {[%mdl 4096] Endgame KQ-KQ} Qh7 31. Kf2 Qc2+ 32. Qe2 Qa4 33. Qg4 Qc2+ $1 34. Kg3 Kf7 $1 35. Qf3+ Kg8 36. Qg4 (36. Qc3 $5 {[%cal Rc3c2]} Qg6+ 37. Kf2 $16) 36... Kf7 $1 37. Qf3+ Kg8 38. Qc3 Qe4 39. a3 ({Better is} 39. b4 $16) 39... Kh7 (39... a5 $5) 40. Qd2 Kg8 41. Qf2 (41. Qf4 $16 {Strongly threatening Qxe4.} Qe2 42. Qg4 Qd3+ 43. Kh2) 41... a5 {The position is equal.} 42. Kh2 b5 43. Qd2 a4 44. Kg3 Kh7 45. Kf2 Qf5+ 46. Kg3 Qe4 47. Qf2 Kg8 48. Kh2 (48. Qf4 $5 {[%cal Rf4e4]} Qd3+ 49. Kh4 $11) 48... Kh7 49. g3 Kg6 50. g4 Qd3 51. Kg2 Kg5 52. Kh2 Kg6 53. h4 Qe4 54. Kg3 Qd3+ 55. Kf4 Qe4+ 56. Kg3 Qd3+ 57. Kh2 Qe4 58. Kh3 Qd3+ 59. Kg2 Qe4+ 60. Kg3 {Precision: White = 53%, Black = 76%.} 1/2-1/2